[Event "South Island-ch"]
[Site "Dunedin"]
[Date "2012.10.11"]
[Round "3"]
[White "Fraemohs, Peter"]
[Black "Johnson, Quentin JF"]
[Result "1-0"]
[WhiteElo "1967"]
[BlackElo "2102"]
[PlyCount "103"]
[EventDate "2012.10.14"]
[EventType "swiss"]
[EventRounds "9"]
[EventCountry "NZL"]
[SourceTitle "EXT 2018"]
[Source "ChessBase"]
[SourceDate "2017.10.13"]
[SourceVersion "1"]
[SourceVersionDate "2017.10.13"]
[SourceQuality "1"]

1. d4 Nf6 2. Bg5 Ne4 3. Bf4 c5 4. f3 Qa5+ 5. c3 Nf6 6. d5 e6 7. dxe6 fxe6 8. Nd2 d5 9. e4 Be7 10. Nb3 Qb6 11. Qc2 Nc6 12. exd5 exd5 13. a4 a6 14. Ne2 0-0 15. Be3 d4 16. a5 Qd8 17. cxd4 cxd4 18. Qc4+ Kh8 19. Bxd4 Bb4+ 20. Bc3 Ne5 21. Qd4 Nd3+ 22. Kd2 Be6 23. Qxd3 Bxc3+ 24. bxc3 Bxb3 25. Qxd8 Rfxd8+ 26. Nd4 Rac8 27. Rb1 Bd5 28. Bd3 Rc5 29. Ra1 Nh5 30. g3 Nf6 31. Rhe1 Re8 32. Rxe8+ Nxe8 33. Re1 Nd6 34. Re5 Rxa5 35. Ke3 b6 36. Nf5 Nxf5+ 37. Bxf5 g6 38. Bd3 Kg7 39. c4 Bxc4 40. Rxa5 Bxd3 41. Rd5 Bc4 42. Rd6 a5 43. Rxb6 a4 44. Rb7+ Kg8 45. Ra7 Bb3 46. Kd4 g5 47. Ke5 Bd1 48. Kf6 Bxf3 49. Rxa4 g4 50. Rd4 h5 51. Kg6 Kf8 52. Kxh5 1-0

[Event "South Island-ch"]
[Site "Dunedin"]
[Date "2012.10.11"]
[Round "4"]
[White "Fraemohs, Peter"]
[Black "Lane, Gary William"]
[Result "0-1"]
[WhiteElo "1967"]
[BlackElo "2391"]
[PlyCount "136"]
[EventDate "2012.10.14"]
[EventType "swiss"]
[EventRounds "9"]
[EventCountry "NZL"]
[SourceTitle "EXT 2018"]
[Source "ChessBase"]
[SourceDate "2017.10.13"]
[SourceVersion "1"]
[SourceVersionDate "2017.10.13"]
[SourceQuality "1"]

1. d4 d5 2. c4 c6 3. cxd5 cxd5 4. Nc3 Nf6 5. Bg5 e6 6. Nf3 Nc6 7. e3 Be7 8. Be2 0-0 9. 0-0 h6 10. Bh4 a6 11. a3 g5 12. Bg3 Nh5 13. Nd2 Nxg3 14. hxg3 f5 15. f4 gxf4 16. gxf4 Kh7 17. Rf3 Bd7 18. Rh3 Rg8 19. Nf3 Rg6 20. Kf2 Bf6 21. Qh1 Qf8 22. Nh4 Bxh4+ 23. Rxh4 Ne7 24. Bd3 Qg7 25. Rg1 Rg4 26. g3 Rf8 27. Rxg4 Qxg4 28. Qf3 Qxf3+ 29. Kxf3 h5 30. g4 hxg4+ 31. Rxg4 Be8 32. Kf2 Ng8 33. Rh4+ Kg7 34. Rh1 Nf6 35. Be2 Bd7 36. Rg1+ Kf7 37. Rh1 b5 38. Bd3 Rc8 39. Ke2 Rg8 40. Kf2 Ke7 41. Be2 Rb8 42. Ra1 Rh8 43. Rg1 Kf7 44. Bf3 Rh2+ 45. Rg2 Rh8 46. Rg1 Rb8 47. b4 Be8 48. Rc1 Bd7 49. Nb1 a5 50. Rc7 Ke7 51. Nd2 axb4 52. axb4 Ra8 53. Rc2 Ra3 54. Rb2 Ne8 55. Nb3 Nd6 56. Be2 Nc4 57. Rb1 Be8 58. Bxc4 dxc4 59. Nc5 Ra2+ 60. Kg3 Bc6 61. Re1 Rb2 62. e4 fxe4 63. Nxe4 Bxe4 64. Rxe4 Kd6 65. Re5 Rxb4 66. f5 exf5 67. Rxf5 c3 68. Rc5 Rc4 0-1

[Event "NZL-ch Major op"]
[Site "Auckland"]
[Date "2011.01.12"]
[Round "11"]
[White "Fraemohs, Peter"]
[Black "Wright, Caleb"]
[Result "1-0"]
[WhiteElo "1999"]
[BlackElo "1936"]
[PlyCount "67"]
[EventDate "2011.01.02"]
[EventType "swiss"]
[EventRounds "11"]
[EventCountry "NZL"]
[SourceTitle "EXT 2018"]
[Source "ChessBase"]
[SourceDate "2017.10.13"]
[SourceVersion "1"]
[SourceVersionDate "2017.10.13"]
[SourceQuality "1"]

1. d4 d5 2. c4 c6 3. Nc3 Nf6 4. e3 e6 5. Nf3 Nbd7 6. Bd3 dxc4 7. Bxc4 b5 8. Bd3 Bb7 9. 0-0 b4 10. Ne4 Nd5 11. Bd2 Qb6 12. Nfg5 g6 13. Qf3 f5 14. Nc5 Nxc5 15. dxc5 Qxc5 16. Nxe6 Qe7 17. Nxf8 Rxf8 18. a3 Rf6 19. Bc4 bxa3 20. bxa3 Rd8 21. Ba5 Rd7 22. Qg3 Qd6 23. Qh4 Qe5 24. Rac1 Rfd6 25. Rfe1 Qe4 26. Qg3 Nb6 27. f3 Qxc4 28. Rxc4 Nxc4 29. Bb4 Rd1 30. Qb8+ Kf7 31. Rxd1 Rxd1+ 32. Kf2 Rd7 33. Qf8+ Ke6 34. Qg8+ 1-0

[Event "NZL-ch Major op"]
[Site "Auckland"]
[Date "2011.01.10"]
[Round "9"]
[White "Fraemohs, Peter"]
[Black "Li, William Xiang Wei"]
[Result "1-0"]
[WhiteElo "1999"]
[BlackElo "1736"]
[PlyCount "55"]
[EventDate "2011.01.02"]
[EventType "swiss"]
[EventRounds "11"]
[EventCountry "NZL"]
[SourceTitle "EXT 2018"]
[Source "ChessBase"]
[SourceDate "2017.10.13"]
[SourceVersion "1"]
[SourceVersionDate "2017.10.13"]
[SourceQuality "1"]

1. d4 d5 2. c4 c6 3. Nc3 Nf6 4. e3 e6 5. Nf3 Nbd7 6. Bd3 dxc4 7. Bxc4 b5 8. Bd3 a6 9. 0-0 c5 10. a4 b4 11. Na2 Bb7 12. Bd2 a5 13. Rc1 Bd5 14. b3 Ne4 15. Bb5 Bd6 16. Ne5 Nef6 17. Nxd7 Nxd7 18. dxc5 Bc7 19. e4 Bxe4 20. Qg4 Bd5 21. Qxg7 Qh4 22. Bxd7+ Kxd7 23. c6+ Bxc6 24. Qxf7+ Kc8 25. Qxe6+ Bd7 26. Rxc7+ Kxc7 27. Rc1+ Kd8 28. Qd5 1-0

[Event "NZL-ch Major op"]
[Site "Auckland"]
[Date "2011.01.07"]
[Round "6"]
[White "Fraemohs, Peter"]
[Black "Liu, Brian"]
[Result "1-0"]
[WhiteElo "1999"]
[BlackElo "1646"]
[PlyCount "115"]
[EventDate "2011.01.02"]
[EventType "swiss"]
[EventRounds "11"]
[EventCountry "NZL"]
[SourceTitle "EXT 2018"]
[Source "ChessBase"]
[SourceDate "2017.10.13"]
[SourceVersion "1"]
[SourceVersionDate "2017.10.13"]
[SourceQuality "1"]

1. d4 f5 2. g3 Nf6 3. Bg2 e6 4. Nh3 Be7 5. 0-0 0-0 6. c4 d5 7. Nd2 c6 8. b3 Nbd7 9. Bb2 b6 10. Nf4 Nb8 11. Nf3 Bd6 12. Ne5 g5 13. Nfd3 Bb7 14. Rc1 Nfd7 15. e3 Qe8 16. f4 g4 17. cxd5 cxd5 18. Rf2 Nxe5 19. fxe5 Be7 20. Nf4 Qd7 21. h3 gxh3 22. Nxh3 Nc6 23. Bf3 Kh8 24. Rh2 Rg8 25. Kf2 Ba6 26. a3 Na5 27. Nf4 Bg5 28. a4 Bxf4 29. exf4 Qe7 30. Bc3 Rac8 31. b4 Nc4 32. b5 Bb7 33. Qe1 Rg7 34. Bb4 Qd7 35. Bc3 Rcg8 36. Rh3 a6 37. Rb1 axb5 38. axb5 Ra8 39. Be2 Ra2 40. Ra1 Rxa1 41. Qxa1 Qxb5 42. Qa7 Qc6 43. Bb4 Rg8 44. Qa1 Ra8 45. Qh1 Qd7 46. Rh6 Rg8 47. Qh4 Rg7 48. Qf6 Qf7 49. Bh5 Qc7 50. Bf8 Bc8 51. Bxg7+ Qxg7 52. Qxg7+ Kxg7 53. Rf6 b5 54. Rf7+ Kg8 55. Rc7 Ba6 56. Bf7+ Kf8 57. Bxe6 Nb6 58. Rc6 1-0

[Event "North Island-ch"]
[Site "Auckland"]
[Date "2010.07.14"]
[Round "4"]
[White "Cornford, Lindsay H"]
[Black "Fraemohs, Peter"]
[Result "1/2-1/2"]
[WhiteElo "1894"]
[BlackElo "2035"]
[PlyCount "91"]
[EventDate "2010.07.12"]
[EventType "swiss"]
[EventRounds "8"]
[EventCountry "NZL"]
[SourceTitle "EXT 2018"]
[Source "ChessBase"]
[SourceDate "2017.10.13"]
[SourceVersion "1"]
[SourceVersionDate "2017.10.13"]
[SourceQuality "1"]

1. e4 d5 2. exd5 Qxd5 3. Nc3 Qd6 4. Nf3 Nf6 5. d4 Bg4 6. Be2 a6 7. 0-0 g6 8. h3 Bc8 9. Bg5 Bg7 10. Qd2 b5 11. Bf4 Qb6 12. Be5 0-0 13. Qf4 c6 14. Bxf6 exf6 15. Bd3 Be6 16. Ne4 Nd7 17. c3 Bd5 18. b4 Rfe8 19. Rfe1 Re6 20. Nc5 Nxc5 21. bxc5 Qa5 22. Rxe6 Bxe6 23. Qd2 Bd5 24. c4 Qxd2 25. Nxd2 bxc4 26. Bxc4 f5 27. Bxd5 cxd5 28. Nb3 Kf8 29. Rd1 Ke8 30. Kf1 Kd7 31. Ke2 Kc6 32. Kd3 Re8 33. Rd2 Bf6 34. Re2 Rc8 35. Nd2 Rb8 36. Kc3 h5 37. Nf3 Rb1 38. Rb2 Rxb2 39. Kxb2 g5 40. Kc3 a5 41. a4 Kd7 42. Nd2 Bd8 43. Kd3 Bc7 44. Nf1 f4 45. Nd2 Ke6 46. f3 1/2-1/2

[Event "North Island-ch"]
[Site "Auckland"]
[Date "2010.07.14"]
[Round "5"]
[White "Fraemohs, Peter"]
[Black "Lim, Benjamin U"]
[Result "1-0"]
[WhiteElo "2035"]
[BlackElo "2041"]
[PlyCount "127"]
[EventDate "2010.07.12"]
[EventType "swiss"]
[EventRounds "8"]
[EventCountry "NZL"]
[SourceTitle "EXT 2018"]
[Source "ChessBase"]
[SourceDate "2017.10.13"]
[SourceVersion "1"]
[SourceVersionDate "2017.10.13"]
[SourceQuality "1"]

1. d4 Nf6 2. Bg5 d5 3. c4 c6 4. Nc3 dxc4 5. e4 b5 6. e5 Nd5 7. Nge2 h6 8. Bd2 Nb4 9. Ng3 Qxd4 10. Be2 Nd3+ 11. Bxd3 Qxd3 12. a4 b4 13. Nce2 e6 14. 0-0 Be7 15. f4 0-0 16. Rf3 Qd5 17. Qe1 Rd8 18. Bxb4 c5 19. Bc3 Nc6 20. Nh5 Nd4 21. Rg3 g6 22. Qf2 Bb7 23. Nxd4 cxd4 24. Bb4 Qd7 25. Bxe7 Qxe7 26. Nf6+ Kg7 27. Rh3 d3 28. Rxh6 Rh8 29. Rxh8 Rxh8 30. Ng4 Qh4 31. h3 Qxf2+ 32. Kxf2 Bd5 33. Ne3 Rb8 34. Nd1 a5 35. g3 Rb4 36. Ke3 Bc6 37. Ra3 Rxa4 38. Nc3 Rxa3 39. bxa3 Kh6 40. Nd1 g5 41. fxg5+ Kxg5 42. Kd4 Bf3 43. h4+ Kf5 44. Ne3+ Kg6 45. Nxc4 Be2 46. Ke3 Kf5 47. Nxa5 Kxe5 48. Nc4+ Kd5 49. Nb2 Bg4 50. Nxd3 e5 51. a4 f6 52. Nf2 Bf5 53. g4 Bc2 54. a5 Ke6 55. a6 Ba4 56. Nd3 Bc6 57. a7 f5 58. g5 f4+ 59. Nxf4+ Kf5 60. Nd3 e4 61. Nc5 Ke5 62. h5 Kf5 63. h6 Kg6 64. Nxe4 1-0

[Event "North Island-ch"]
[Site "Auckland"]
[Date "2010.07.13"]
[Round "3"]
[White "Fraemohs, Peter"]
[Black "Smith, Robert Wayne"]
[Result "0-1"]
[WhiteElo "2035"]
[BlackElo "2353"]
[PlyCount "126"]
[EventDate "2010.07.12"]
[EventType "swiss"]
[EventRounds "8"]
[EventCountry "NZL"]
[SourceTitle "EXT 2018"]
[Source "ChessBase"]
[SourceDate "2017.10.13"]
[SourceVersion "1"]
[SourceVersionDate "2017.10.13"]
[SourceQuality "1"]

1. g4 e5 2. Bg2 Nc6 3. d3 d5 4. h3 Be6 5. a3 a5 6. Nf3 f6 7. Nc3 Bc5 8. e4 Nge7 9. Nh4 dxe4 10. Nxe4 Bb6 11. Be3 Nd4 12. c4 c6 13. 0-0 0-0 14. Nf3 a4 15. Nxd4 Bxd4 16. Qc2 Qb6 17. Bxd4 Qxd4 18. Qc3 Qa7 19. g5 Ng6 20. gxf6 gxf6 21. Rae1 Nf4 22. Kh2 Qa5 23. Re3 Qxc3 24. bxc3 Rad8 25. Nc5 Bc8 26. Rg1 Kh8 27. Bf1 b5 28. cxb5 cxb5 29. Ne4 Bf5 30. d4 Nd5 31. Bg2 Nxe3 32. fxe3 Bxe4 33. Bxe4 Rc8 34. Rc1 exd4 35. exd4 Rfe8 36. Bd3 Re3 37. Bxb5 Rcxc3 38. Rxc3 Rxc3 39. Bxa4 Rxa3 40. Bc6 Kg7 41. Kg2 f5 42. Bf3 Rd3 43. d5 f4 44. Be4 Re3 45. Bf5 h6 46. d6 Kf6 47. d7 Ke7 48. h4 Re5 49. Bh3 Re2+ 50. Kg1 Rd2 51. h5 Kf6 52. Kf1 Kg5 53. Ke1 Rd4 54. Kf2 Kxh5 55. Kf3 Kg5 56. Kf2 Kf6 57. Kf3 Ke5 58. Bg4 h5 59. Bh3 Kf6 60. Kf2 Ke7 61. Bf5 Rd3 62. Kg2 h4 63. Bg4 Rg3+ 0-1

[Event "NZL-ch 117th"]
[Site "Auckland"]
[Date "2010.01.08"]
[Round "7"]
[White "Lim, Benjamin U"]
[Black "Fraemohs, Peter"]
[Result "1-0"]
[WhiteElo "2075"]
[BlackElo "1981"]
[PlyCount "155"]
[EventDate "2010.01.02"]
[EventType "swiss"]
[EventRounds "11"]
[EventCountry "NZL"]
[SourceTitle "CBM 134 Extra"]
[Source "ChessBase"]
[SourceDate "2010.03.03"]
[SourceVersion "1"]
[SourceVersionDate "2010.03.03"]
[SourceQuality "1"]

1. d4 Nf6 2. c4 Nc6 3. Nf3 e6 4. Nc3 Bb4 5. Qc2 d5 6. Bg5 h6 7. Bxf6 Qxf6 8. e3 0-0 9. a3 Bxc3+ 10. Qxc3 a6 11. Rc1 Qg6 12. g3 Re8 13. Bg2 Ne7 14. Ne5 Qf6 15. 0-0 c6 16. b4 Ng6 17. f4 Nxe5 18. fxe5 Qe7 19. e4 dxc4 20. Qxc4 Bd7 21. Rf4 Rac8 22. Qf1 Rf8 23. Re1 f6 24. exf6 Rxf6 25. Rxf6 Qxf6 26. Qxf6 gxf6 27. Bh3 Rd8 28. Rd1 Kf7 29. Kf2 Ke7 30. e5 Be8 31. exf6+ Kxf6 32. Ke3 a5 33. Rf1+ Ke7 34. bxa5 Ra8 35. Rb1 Rxa5 36. Rxb7+ Bd7 37. Rb3 Rh5 38. Bf1 Rxh2 39. Be2 Rh1 40. Bf3 Ra1 41. Kd2 Kd6 42. Kc2 Ra2+ 43. Kc3 e5 44. dxe5+ Kxe5 45. Kd3 Be6 46. Rc3 Bd5 47. Ke3 Bxf3 48. Kxf3 Kd5 49. Rd3+ Kc4 50. Rd6 Rxa3+ 51. Kf4 c5 52. Rxh6 Kd5 53. Rh8 c4 54. Rd8+ Ke6 55. Re8+ Kf7 56. Rc8 c3 57. g4 Kg6 58. Rc6+ Kg7 59. Kg5 Ra5+ 60. Kh4 Ra3 61. Kh5 Rb3 62. g5 Ra3 63. Rc7+ Kf8 64. Kh6 c2 65. Rxc2 Rh3+ 66. Kg6 Ke7 67. Kg7 Rh5 68. Re2+ Kd6 69. g6 Rh3 70. Kg8 Rh4 71. g7 Rh3 72. Rf2 Ke7 73. Rf4 Rh2 74. Re4+ Kd7 75. Kf7 Rf2+ 76. Kg6 Rg2+ 77. Kf6 Rf2+ 78. Kg5 1-0

[Event "NZL-ch 117th"]
[Site "Auckland"]
[Date "2010.01.03"]
[Round "2"]
[White "Fraemohs, Peter"]
[Black "McLaren, Leonard"]
[Result "0-1"]
[WhiteElo "1981"]
[BlackElo "2227"]
[PlyCount "76"]
[EventDate "2010.01.02"]
[EventType "swiss"]
[EventRounds "11"]
[EventCountry "NZL"]
[SourceTitle "CBM 134 Extra"]
[Source "ChessBase"]
[SourceDate "2010.03.03"]
[SourceVersion "1"]
[SourceVersionDate "2010.03.03"]
[SourceQuality "1"]

1. d4 Nf6 2. Bg5 g6 3. Bxf6 exf6 4. Nf3 Bg7 5. g3 f5 6. e3 0-0 7. Bg2 d6 8. 0-0 Nd7 9. Nbd2 Nf6 10. Ne1 c6 11. Nd3 Re8 12. Rc1 g5 13. c4 Be6 14. c5 d5 15. a3 Qc7 16. Ne5 Ne4 17. f4 g4 18. Nxe4 dxe4 19. Nc4 b6 20. cxb6 axb6 21. h3 h5 22. hxg4 hxg4 23. Ne5 Bd5 24. Rf2 Re6 25. Bf1 Rd8 26. Bc4 Bxe5 27. Bxd5 Bxf4 28. Rxf4 Rxd5 29. Kg2 Rh6 30. Qb3 Qd6 31. Rcf1 Rh3 32. Kf2 c5 33. Ke1 cxd4 34. exd4 Qe6 35. Qe3 Qd7 36. Qb3 Rh2 37. Qxb6 Rxd4 38. Qb3 Rd3 0-1

[Event "South Island-ch"]
[Site "Dunedin"]
[Date "2009.07.12"]
[Round "3"]
[White "Fraemohs, Peter"]
[Black "Marko, Helmut"]
[Result "1-0"]
[WhiteElo "1954"]
[BlackElo "2085"]
[PlyCount "89"]
[EventDate "2009.07.11"]
[EventType "swiss"]
[EventRounds "8"]
[EventCountry "NZL"]
[SourceTitle "EXT 2018"]
[Source "ChessBase"]
[SourceDate "2017.10.13"]
[SourceVersion "1"]
[SourceVersionDate "2017.10.13"]
[SourceQuality "1"]

1. d4 Nf6 2. Bg5 e6 3. e4 d6 4. Nd2 Nbd7 5. Ngf3 Be7 6. Bd3 h6 7. Bxf6 Bxf6 8. 0-0 0-0 9. Re1 e5 10. c3 c6 11. Nc4 Qe7 12. Ne3 g6 13. Rb1 Nb6 14. dxe5 dxe5 15. Qc2 Be6 16. b3 a5 17. c4 Nd7 18. Red1 Rfd8 19. h3 Nc5 20. Ra1 b6 21. Be2 h5 22. a3 Rxd1+ 23. Rxd1 Na6 24. Qb2 Bd7 25. b4 axb4 26. axb4 Nc7 27. b5 c5 28. Ra1 Rxa1+ 29. Qxa1 Qd6 30. Qa7 Kg7 31. Nd5 Nxd5 32. cxd5 Be7 33. Nd2 Bd8 34. Nc4 Qc7 35. Qxc7 Bxc7 36. d6 Bxd6 37. Nxd6 Kf6 38. Bc4 Ke7 39. Nxf7 Be6 40. Nxe5 Kd6 41. f4 g5 42. Bxe6 Kxe6 43. g3 h4 44. Kf2 Kd6 45. Nc4+ 1-0

[Event "Kaikoura op"]
[Site "Kaikoura"]
[Date "2008.11.10"]
[Round "6"]
[White "Fraemohs, Peter"]
[Black "Bennett, Hilton Petrie"]
[Result "0-1"]
[WhiteElo "1955"]
[BlackElo "2022"]
[PlyCount "64"]
[EventDate "2008.11.08"]
[EventType "swiss"]
[EventRounds "9"]
[EventCountry "NZL"]
[SourceTitle "CBM 127 Extra"]
[Source "ChessBase"]
[SourceDate "2009.01.08"]
[SourceVersion "2"]
[SourceVersionDate "2009.01.28"]
[SourceQuality "1"]

1. d4 Nf6 2. Bg5 e6 3. e4 c5 4. e5 h6 5. Be3 Nd5 6. Nf3 Nxe3 7. fxe3 Qb6 8. b3 Nc6 9. Be2 d6 10. exd6 Bxd6 11. 0-0 0-0 12. c3 cxd4 13. Nbd2 d3 14. Nc4 dxe2 15. Qxe2 Qc7 16. Rad1 Be7 17. Nd4 a6 18. e4 Ne5 19. Nxe5 Qxe5 20. Rd3 Bc5 21. Kh1 Bxd4 22. cxd4 Qc7 23. e5 Bd7 24. Rg3 Bb5 25. Qg4 f5 26. exf6 Rxf6 27. Re1 Raf8 28. h3 Rf1+ 29. Rxf1 Rxf1+ 30. Kh2 Qf7 31. Qh4 Rf6 32. Rg4 Qc7+ 0-1

[Event "Kaikoura op"]
[Site "Kaikoura"]
[Date "2008.11.10"]
[Round "5"]
[White "Johnson, Quentin JF"]
[Black "Fraemohs, Peter"]
[Result "0-1"]
[WhiteElo "2150"]
[BlackElo "1955"]
[PlyCount "96"]
[EventDate "2008.11.08"]
[EventType "swiss"]
[EventRounds "9"]
[EventCountry "NZL"]
[SourceTitle "CBM 127 Extra"]
[Source "ChessBase"]
[SourceDate "2009.01.08"]
[SourceVersion "2"]
[SourceVersionDate "2009.01.28"]
[SourceQuality "1"]

1. d4 d5 2. c4 Nc6 3. Nc3 dxc4 4. Nf3 Bg4 5. d5 Bxf3 6. gxf3 Ne5 7. f4 Nd7 8. Qa4 Ngf6 9. Bg2 g6 10. 0-0 Bg7 11. e4 0-0 12. Qxc4 Nb6 13. Qe2 e6 14. Rd1 Qe7 15. dxe6 fxe6 16. e5 Nh5 17. Bxb7 Rab8 18. Qe4 Bh6 19. Ne2 Rxb7 20. Qxb7 Bxf4 21. Bxf4 Nxf4 22. Nxf4 Rxf4 23. Rd3 Qg5+ 24. Rg3 Qxe5 25. Rd1 Nd5 26. Qxa7 Qxb2 27. Re1 Rf7 28. Rb3 Qd2 29. Rf1 Nf4 30. Qa8+ Kg7 31. a4 Ne2+ 32. Kh1 Nd4 33. Rg3 Qe2 34. Kg2 c6 35. a5 Qe4+ 36. f3 Qc2+ 37. Rf2 Qc5 38. Ra2 Qd5 39. Rf2 e5 40. a6 Nb5 41. Rc2 Nd4 42. Rf2 Nf5 43. a7 Ne3+ 44. Kh3 e4 45. Rg4 Nxg4 46. fxg4 Rxf2 47. Qb7+ Kh6 48. Qb8 Rf3+ 0-1

[Event "Kaikoura op"]
[Site "Kaikoura"]
[Date "2008.11.09"]
[Round "3"]
[White "Nokes, Roger I"]
[Black "Fraemohs, Peter"]
[Result "1-0"]
[WhiteElo "2293"]
[BlackElo "1955"]
[PlyCount "87"]
[EventDate "2008.11.08"]
[EventType "swiss"]
[EventRounds "9"]
[EventCountry "NZL"]
[SourceTitle "CBM 127 Extra"]
[Source "ChessBase"]
[SourceDate "2009.01.08"]
[SourceVersion "2"]
[SourceVersionDate "2009.01.28"]
[SourceQuality "1"]

1. e4 d6 2. d4 g6 3. Nc3 Bg7 4. Be3 a6 5. a4 Nc6 6. h3 Bd7 7. f4 e5 8. d5 Nd4 9. Nf3 Nxf3+ 10. Qxf3 f6 11. Bd3 Nh6 12. f5 Nf7 13. 0-0 g5 14. a5 h5 15. Ne2 Bh6 16. g4 h4 17. c4 Bf8 18. b4 c5 19. Rfb1 Be7 20. Qf2 Qc8 21. Nc3 0-0 22. Ra3 Qc7 23. bxc5 dxc5 24. Rb6 Bd6 25. Bf1 Rfc8 26. Rab3 Rab8 27. Qb2 Nd8 28. Kg2 Kf7 29. Nb1 Ba4 30. Ra3 Be8 31. Nd2 Qe7 32. Rd3 Ra8 33. Nf3 Rc7 34. Qd2 Kg8 35. Nxg5 fxg5 36. Bxg5 Qf8 37. Bxd8 Rxd8 38. Qg5+ Bg6 39. Qxg6+ Rg7 40. Qe6+ Kh8 41. f6 Rg6 42. Rf3 Bc7 43. Rxb7 Rd6 44. Qe7 1-0

[Event "North Island-ch"]
[Site "Tauranga"]
[Date "2008.07.18"]
[Round "6"]
[White "Milligan, Helen"]
[Black "Fraemohs, Peter"]
[Result "1/2-1/2"]
[WhiteElo "1976"]
[BlackElo "1955"]
[PlyCount "97"]
[EventDate "2008.07.15"]
[EventType "swiss"]
[EventRounds "8"]
[EventCountry "NZL"]
[SourceTitle "EXT 2018"]
[Source "ChessBase"]
[SourceDate "2017.10.13"]
[SourceVersion "1"]
[SourceVersionDate "2017.10.13"]
[SourceQuality "1"]

1. e4 d6 2. d4 g6 3. Nf3 Bg7 4. Be2 Nf6 5. Nc3 c5 6. dxc5 Qa5 7. 0-0 Qxc5 8. Be3 Qa5 9. h3 Nc6 10. Nd4 Bd7 11. Nb3 Qc7 12. f4 a6 13. Bf3 Rb8 14. Qd2 Na5 15. Nxa5 Qxa5 16. Rad1 Bc6 17. a3 Nh5 18. Bd4 e5 19. fxe5 dxe5 20. b4 Qd8 21. Bc5 Qxd2 22. Rxd2 Nf4 23. Nd5 Ne6 24. Bb6 0-0 25. c4 Bh6 26. Rd3 Nf4 27. Ne7+ Kg7 28. Rd6 Ba4 29. Bd1 Bg5 30. Bxa4 Bxe7 31. Rd7 Bf6 32. Bd1 h5 33. Bc5 Rfd8 34. Rd6 Rxd6 35. Bxd6 Rd8 36. c5 h4 37. Bb3 g5 38. Bc4 Kg6 39. a4 Bg7 40. b5 axb5 41. axb5 Bf8 42. Bxf8 Rxf8 43. Rd1 Rc8 44. Rd7 Rxc5 45. Bxf7+ Kf6 46. Rxb7 Rc1+ 47. Kf2 Rc2+ 48. Kf1 Rc1+ 49. Kf2 1/2-1/2

[Event "North Island-ch"]
[Site "Tauranga"]
[Date "2008.07.16"]
[Round "2"]
[White "Stuart, Peter W"]
[Black "Fraemohs, Peter"]
[Result "1-0"]
[WhiteElo "2097"]
[BlackElo "1955"]
[PlyCount "51"]
[EventDate "2008.07.15"]
[EventType "swiss"]
[EventRounds "8"]
[EventCountry "NZL"]
[SourceTitle "EXT 2018"]
[Source "ChessBase"]
[SourceDate "2017.10.13"]
[SourceVersion "1"]
[SourceVersionDate "2017.10.13"]
[SourceQuality "1"]

1. c4 e5 2. Nc3 Nf6 3. Nf3 Nc6 4. e3 Bb4 5. Qc2 0-0 6. Nd5 Re8 7. Qf5 d6 8. Nxf6+ gxf6 9. Qh5 e4 10. a3 Ba5 11. b4 Bb6 12. Nh4 Ne5 13. f4 Ng6 14. Bb2 a5 15. Be2 axb4 16. axb4 Rxa1+ 17. Bxa1 Kg7 18. Nf5+ Bxf5 19. Qxf5 Qe7 20. h4 Qe6 21. Qh5 Qe7 22. Qg4 Kf8 23. h5 Nh8 24. Qf5 Kg8 25. Bxf6 Qe6 26. Qg5+ 1-0

[Event "Queenstown op"]
[Site "Queenstown"]
[Date "2006.01.18"]
[Round "4"]
[White "Steadman, Michael VR"]
[Black "Fraemohs, Peter"]
[Result "1-0"]
[WhiteElo "2231"]
[BlackElo "2043"]
[PlyCount "67"]
[EventDate "2006.01.15"]
[EventType "swiss"]
[EventRounds "10"]
[EventCountry "NZL"]
[SourceTitle "CBM 110 Extra"]
[Source "ChessBase"]
[SourceDate "2006.03.10"]
[SourceVersion "2"]
[SourceVersionDate "2006.03.10"]
[SourceQuality "1"]

1. c4 f5 2. g3 Nf6 3. Bg2 d6 4. d4 c6 5. Nc3 g6 6. b4 Bg7 7. Bb2 0-0 8. Qb3 Qe8 9. b5 Bd7 10. Nf3 h6 11. Rd1 Qf7 12. 0-0 cxb5 13. Nxb5 Bxb5 14. Qxb5 Nbd7 15. Nd2 a6 16. Qb3 Rab8 17. Ba3 b5 18. Rc1 b4 19. Bb2 Rfc8 20. Qa4 e5 21. Qxa6 e4 22. Qa4 Qe7 23. Qb3 Kh7 24. Rfd1 Re8 25. Nf1 g5 26. Ne3 Kg6 27. Bh3 g4 28. Bf1 h5 29. Ng2 Nh7 30. Nh4+ Kf6 31. c5 dxc5 32. dxc5+ Ne5 33. Rd6+ Kg5 34. Qe3+ 1-0

[Event "Queenstown op"]
[Site "Queenstown"]
[Date "2006.01.16"]
[Round "2"]
[White "Geveke, Michael"]
[Black "Fraemohs, Peter"]
[Result "1-0"]
[WhiteElo "2277"]
[BlackElo "2043"]
[PlyCount "77"]
[EventDate "2006.01.15"]
[EventType "swiss"]
[EventRounds "10"]
[EventCountry "NZL"]
[SourceTitle "CBM 110 Extra"]
[Source "ChessBase"]
[SourceDate "2006.03.10"]
[SourceVersion "2"]
[SourceVersionDate "2006.03.10"]
[SourceQuality "1"]

1. d4 f5 2. Bg5 g6 3. Nd2 Bg7 4. c3 Nf6 5. Bxf6 Bxf6 6. e4 e6 7. Bd3 d5 8. exf5 exf5 9. Ne2 0-0 10. Qb3 c6 11. Nf3 Qb6 12. Qc2 Be6 13. h4 Nd7 14. 0-0-0 c5 15. Qd2 Rac8 16. Kb1 cxd4 17. cxd4 Bf7 18. h5 Bg7 19. hxg6 Bxg6 20. Nf4 Nf6 21. Ne5 Ne4 22. Bxe4 fxe4 23. Nfxg6 hxg6 24. Nd7 Qe6 25. Nxf8 Rxf8 26. Qe3 Qb6 27. Rh3 Rc8 28. Qg5 Qe6 29. Rb3 b6 30. Rb5 e3 31. Qxe3 Qc6 32. Rc1 Qxc1+ 33. Qxc1 Rxc1+ 34. Kxc1 Bxd4 35. Rxd5 Bxf2 36. Rd7 a5 37. a4 g5 38. g4 Bc5 39. Kc2 1-0

[Event "IECG TE.2005.P.01807 email"]
[Site "IECG email"]
[Date "2005.03.24"]
[Round "?"]
[White "Fraemohs, Peter"]
[Black "De Clercq, Julien"]
[Result "0-1"]
[WhiteElo "1650"]
[BlackElo "2031"]
[PlyCount "110"]
[EventDate "2005.03.24"]
[EventType "tourn (corr)"]
[EventRounds "12"]
[SourceTitle "Corr 2024"]
[Source "ChessBase"]
[SourceDate "2023.10.19"]
[SourceVersion "1"]
[SourceVersionDate "2023.10.19"]
[SourceQuality "1"]

1. d4 Nf6 2. c4 c5 3. d5 b5 4. Nf3 Bb7 5. a4 Qa5+ 6. Bd2 b4 7. Qc2 d6 8. e4 e5 9. Bd3 Be7 10. 0-0 Bc8 11. Bg5 0-0 12. Nbd2 Qc7 13. h3 Nbd7 14. b3 Re8 15. Be2 Nh5 16. Be3 Nf4 17. Rfe1 Nf8 18. Nf1 N8g6 19. Ng3 Bf6 20. Bf1 Ne7 21. Rad1 Bd7 22. Qd2 a5 23. Bxf4 exf4 24. Qxf4 Ng6 25. Qc1 Bc3 26. Re2 Qc8 27. Re3 Qd8 28. Ne2 Bf6 29. Ng3 Bc3 30. Bd3 Nh4 31. Nxh4 Qxh4 32. Ne2 Bf6 33. f4 Re7 34. Rf1 Rae8 35. Kh2 Kf8 36. Ng1 Qh6 37. Qd1 Bd4 38. Re2 Bg4 39. Nf3 Qxf4+ 40. Kh1 Bxf3 41. Rxf3 Qh4 42. Kh2 Be5+ 43. g3 Qg5 44. Rg2 Qh5 45. Rf1 Qxd1 46. Rxd1 h5 47. Kh1 g6 48. g4 hxg4 49. hxg4 Kg7 50. Rdd2 Bf4 51. Rd1 Rh8+ 52. Kg1 g5 53. Kf2 Ree8 54. Ke2 Rh3 55. Rf1 Re3+ 0-1

[Event "IECG TE.2005.P.01807 email"]
[Site "IECG email"]
[Date "2005.03.24"]
[Round "2"]
[White "Fraemohs, Peter"]
[Black "Grammenos, Nikos"]
[Result "1-0"]
[WhiteElo "1650"]
[BlackElo "800"]
[PlyCount "49"]
[EventDate "2005.03.24"]
[EventType "tourn (corr)"]
[EventRounds "12"]
[SourceTitle "Corr 2024"]
[Source "ChessBase"]
[SourceDate "2023.10.19"]
[SourceVersion "1"]
[SourceVersionDate "2023.10.19"]
[SourceQuality "1"]

1. d4 Nf6 2. c4 c5 3. d5 b5 4. Nf3 Bb7 5. a4 bxc4 6. Nc3 e6 7. e4 exd5 8. exd5 d6 9. Bxc4 Be7 10. 0-0 Nbd7 11. Re1 Nb6 12. Bb5+ Kf8 13. Bc6 Rb8 14. a5 Bxc6 15. axb6 Bb7 16. bxa7 Ra8 17. Qb3 Qc7 18. Ra4 Nd7 19. Bf4 Nb6 20. Rae4 Re8 21. Nb5 Qd7 22. Bxd6 c4 23. Rxe7 Rxe7 24. Rxe7 cxb3 25. Rxd7+ 1-0